Представление документа в формате MARC21

Поле Инд. ПП Название Значение
Тип записи a
Библиографический уровень m
001 Контрольный номер RU/IS/BASE/307095327
005 Дата корректировки 20160118151518.2
020 a ISBN 978-5-7038-1860-2
040 a Служба первич. каталог. НБ ТвГУ
b Код языка каталог. rus
e Правила каталог. PSBO
041 0_ a Код языка текста rus
080 a Индекс УДК 620.22(075.8)
084 a Индекс другой классификации/Индекс ББК Ж3я73-1
090 a Полочн. индекс Ж3
x Авторский знак М 34
245 10 a Заглавие Материаловедение
b Продолж. заглавия учебник для студентов вузов, обучающихся по направлению подготовки и специальностям в области техники и технологии
c Ответственность под общ. ред. Б. Н. Арзамасова, Г. Г. Мухина
250 a Основные сведения об издании Изд. 8-е, стер.
260 a Место издания Москва
b Издательство МГТУ
c Дата издания 2008
300 a Объем 646 с., [4] л. цв. ил., [1] л. портр.
b Иллюстрации/ тип воспроизводства ил., табл.
500 a Примечание На обл. в подзаг.: учебник для технических вузов
504 a Библиография Библиогр.: с. 630-631. - Предм. указ.: с. 632-637
520 0_ a Аннотация В восьмом, стереотипном издании учебника (7-е изд. в 2005 г.), изложены закономерности формирования структуры материалов при затвердевании, пластическом деформировании и термической обработке; показана взаимосвязь комплекса физико-механических свойств материалов со структурой; обосновано обеспечение прочности, надежности и долговечности деталей благодаря рациональному выбору материалов с учетом условий эксплуатации. С позиций эксплуатационных требований рассмотрены особенности свойств, обработки и применения металлических и неметаллических материалов современных приборов и машин. Содержание учебника соответствует программе и курсу лекций, которые авторы читают в МГТУ им. Н.Э. Баумана. Для студентов высших технических учебных заведений машино- и приборостроительных специальностей.
650 04 a Основная рубрика Материаловедение
x Основная подрубрика Учебники для вузов
653 0_ a Ключевые слова Материаловедение
700 12 a Другие авторы Арзамасов Борис Николаевич
q Полное имя Арзамасов, Б. Н.
700 1_ a Другие авторы Макарова Вера Ивановна
q Полное имя Макарова, В. Н.
700 1_ a Другие авторы Мухин Герасим Герасимович
q Полное имя Мухин, Г. Г.
700 1_ a Другие авторы Рыжов Николай Михайлович
q Полное имя Рыжов, Н. М.
700 1_ a Другие авторы Силаева Вера Ивановна
q Полное имя Силаева, В. И.
910 a гриф есть*
920 a Оператор Густ
930 a Новая/Ретро учебники
952 c Вид литературы К ру
954 a Дата поступления на обработку 20091109